[Event "Helsingor Xtracon op"]
[Site "Helsingor"]
[Date "2019.07.28"]
[Round "10"]
[White "Laustsen, Lars"]
[Black "Sebastian, Andreas"]
[Result "1-0"]
[WhiteElo "2137"]
[BlackElo "1911"]
[PlyCount "55"]
[EventDate "2019.07.20"]
[EventType "swiss"]
[EventRounds "10"]
[EventCountry "DEN"]
[SourceTitle "CBM 191 Extra"]
[Source "ChessBase"]
[SourceDate "2019.09.30"]
[SourceVersion "1"]
[SourceVersionDate "2019.09.30"]
[SourceQuality "1"]

1. d4 e6 2. c4 b6 3. e4 Bb7 4. Bd3 Bb4+ 5. Kf1 e5 6. dxe5 Nc6 7. Nf3 Nge7 8. a3 Bc5 9. b4 Bd4 10. Ra2 Bxe5 11. b5 Nd4 12. Nxe5 d6 13. Nf3 Ne6 14. Nc3 Rf8 15. Ng5 Nc5 16. Nxh7 Rh8 17. Ng5 f6 18. Nf3 Qd7 19. Nd5 0-0-0 20. a4 Rdf8 21. Be3 Ne6 22. a5 g5 23. axb6 axb6 24. Qa1 Kb8 25. Ra7 g4 26. Nd4 Nc5 27. Nxe7 Qxe7 28. Nc6+ 1-0

[Event "Helsingor Xtracon op"]
[Site "Helsingor"]
[Date "2019.07.27"]
[Round "9"]
[White "Masotti, Roberto"]
[Black "Laustsen, Lars"]
[Result "0-1"]
[WhiteElo "1814"]
[BlackElo "2137"]
[PlyCount "44"]
[EventDate "2019.07.20"]
[EventType "swiss"]
[EventRounds "10"]
[EventCountry "DEN"]
[SourceTitle "CBM 191 Extra"]
[Source "ChessBase"]
[SourceDate "2019.09.30"]
[SourceVersion "1"]
[SourceVersionDate "2019.09.30"]
[SourceQuality "1"]

1. d4 d5 2. c4 c6 3. Nc3 dxc4 4. e3 b5 5. a4 b4 6. Ne4 Qd5 7. Ng3 Nf6 8. Qc2 Ba6 9. Nf3 b3 10. Qb1 e6 11. Bd2 c5 12. e4 Qb7 13. Be2 cxd4 14. Nxd4 Bb4 15. Qc1 0-0 16. Bc3 Bxc3+ 17. Qxc3 Nc6 18. Nb5 Rfd8 19. 0-0 Bxb5 20. axb5 Nd4 21. e5 Ne4 22. Qxc4 Nd2 0-1

[Event "Helsingor Xtracon op"]
[Site "Helsingor"]
[Date "2019.07.26"]
[Round "8"]
[White "Laustsen, Lars"]
[Black "Baliuniene, Margarita"]
[Result "0-1"]
[WhiteElo "2137"]
[BlackElo "1917"]
[PlyCount "64"]
[EventDate "2019.07.20"]
[EventType "swiss"]
[EventRounds "10"]
[EventCountry "DEN"]
[SourceTitle "CBM 191 Extra"]
[Source "ChessBase"]
[SourceDate "2019.09.30"]
[SourceVersion "1"]
[SourceVersionDate "2019.09.30"]
[SourceQuality "1"]

1. d4 d5 2. c4 e6 3. Nf3 Nf6 4. g3 dxc4 5. Bg2 Bd7 6. Ne5 Bc6 7. Nxc6 Nxc6 8. 0-0 Qd7 9. e3 0-0-0 10. Qa4 Nd5 11. Qxc4 h5 12. Bd2 h4 13. Nc3 hxg3 14. hxg3 f5 15. Rab1 g5 16. b4 f4 17. b5 Nce7 18. Ne4 fxg3 19. Nxg3 Ng6 20. Rfc1 Bd6 21. Qa4 Kb8 22. Ne4 Nh4 23. Bh1 g4 24. Qd1 Qg7 25. Ng3 Rdf8 26. e4 Bxg3 27. exd5 Bxf2+ 28. Kf1 Qxd4 29. Ke2 exd5 30. Rb4 Re8+ 31. Kf1 Rhf8 32. Rxd4 Bxd4+ 0-1

[Event "Helsingor Xtracon op"]
[Site "Helsingor"]
[Date "2019.07.24"]
[Round "6"]
[White "Laustsen, Lars"]
[Black "Hobber, Anders"]
[Result "0-1"]
[WhiteElo "2137"]
[BlackElo "2294"]
[PlyCount "70"]
[EventDate "2019.07.20"]
[EventType "swiss"]
[EventRounds "10"]
[EventCountry "DEN"]
[SourceTitle "CBM 191 Extra"]
[Source "ChessBase"]
[SourceDate "2019.09.30"]
[SourceVersion "1"]
[SourceVersionDate "2019.09.30"]
[SourceQuality "1"]

1. d4 d5 2. c4 c6 3. Nf3 Nf6 4. e3 a6 5. Nc3 e6 6. Bd3 dxc4 7. Bxc4 b5 8. Bd3 c5 9. 0-0 Bb7 10. Qe2 Nbd7 11. Rd1 Qc7 12. e4 cxd4 13. Nxd4 b4 14. Na4 Bd6 15. Nf3 0-0 16. Bg5 h6 17. Bh4 Qa5 18. b3 Qh5 19. Re1 Ng4 20. Bg3 Bxg3 21. fxg3 Bc6 22. h3 Bxa4 23. bxa4 Nge5 24. Kh2 Nc5 25. Bc2 Rfd8 26. Rad1 a5 27. Rxd8+ Rxd8 28. Rd1 Rxd1 29. Qxd1 Ncd7 30. Kh1 Nxf3 31. Qxd7 Ne1 32. Qc8+ Kh7 33. e5+ Nxc2 34. Qxc2+ Qg6 35. Qb2 Qxg3 0-1

[Event "Copenhagen Challenge"]
[Site "Ballerup"]
[Date "2019.05.19"]
[Round "8"]
[White "Shehzad, Shazil Khan"]
[Black "Laustsen, Lars"]
[Result "0-1"]
[WhiteElo "2016"]
[BlackElo "2140"]
[PlyCount "84"]
[EventDate "2019.05.15"]
[EventType "swiss"]
[EventRounds "9"]
[EventCountry "DEN"]
[SourceTitle "CBM 190 Extra"]
[Source "ChessBase"]
[SourceDate "2019.07.15"]
[SourceVersion "1"]
[SourceVersionDate "2019.07.15"]
[SourceQuality "1"]

1. e4 c5 2. Nf3 d6 3. d4 cxd4 4. Nxd4 Nf6 5. Nc3 a6 6. f3 e5 7. Nb3 Be6 8. Be3 h5 9. Nd5 Bxd5 10. exd5 Nbd7 11. Qd2 g6 12. Be2 Qc7 13. 0-0 Nb6 14. Bxb6 Qxb6+ 15. Kh1 Bh6 16. Qd1 h4 17. f4 Bxf4 18. Qd3 Kf8 19. c4 Kg7 20. Rad1 Rae8 21. Qc2 Nd7 22. Qc3 Bh6 23. Na1 Qe3 24. Qxe3 Bxe3 25. b4 f5 26. Nb3 Nf6 27. Bf3 b6 28. a4 Rc8 29. c5 bxc5 30. bxc5 Bxc5 31. Nxc5 Rxc5 32. Rb1 e4 33. Be2 a5 34. Rb7+ Kh6 35. Rd1 Nxd5 36. Rb5 Nc3 37. Rxc5 dxc5 38. Re1 Nxe2 39. Rxe2 Rd8 40. h3 Rd1+ 41. Kh2 c4 42. Rc2 e3 0-1

[Event "Copenhagen Challenge"]
[Site "Ballerup"]
[Date "2019.05.17"]
[Round "4"]
[White "Hacker, Jonas"]
[Black "Laustsen, Lars"]
[Result "1-0"]
[WhiteElo "2386"]
[BlackElo "2140"]
[PlyCount "37"]
[EventDate "2019.05.15"]
[EventType "swiss"]
[EventRounds "9"]
[EventCountry "DEN"]
[SourceTitle "CBM 190 Extra"]
[Source "ChessBase"]
[SourceDate "2019.07.15"]
[SourceVersion "1"]
[SourceVersionDate "2019.07.15"]
[SourceQuality "1"]

1. e4 c5 2. Nf3 d6 3. d4 cxd4 4. Nxd4 Nf6 5. f3 e5 6. Nb3 a5 7. Bb5+ Nc6 8. Nc3 Be6 9. Be3 Be7 10. Na4 Nd7 11. 0-0 0-0 12. Qd2 Qc7 13. Rfd1 f5 14. exf5 Rxf5 15. c4 b6 16. Nc3 Rc8 17. Ne4 Nd4 18. Bxd4 exd4 19. Nxd4 1-0

[Event "Copenhagen Challenge"]
[Site "Ballerup"]
[Date "2019.05.17"]
[Round "5"]
[White "Laustsen, Lars"]
[Black "Andersen, Kim Nyvang"]
[Result "1/2-1/2"]
[WhiteElo "2140"]
[BlackElo "2004"]
[PlyCount "138"]
[EventDate "2019.05.15"]
[EventType "swiss"]
[EventRounds "9"]
[EventCountry "DEN"]
[SourceTitle "CBM 190 Extra"]
[Source "ChessBase"]
[SourceDate "2019.07.15"]
[SourceVersion "1"]
[SourceVersionDate "2019.07.15"]
[SourceQuality "1"]

1. d4 Nf6 2. c4 g6 3. g3 Bg7 4. Bg2 d6 5. Nf3 0-0 6. 0-0 Nc6 7. Nc3 Bf5 8. d5 Na5 9. Nd2 c5 10. e4 Bd7 11. Qc2 a6 12. b3 b5 13. Bb2 Rb8 14. Rab1 bxc4 15. bxc4 Ng4 16. Nd1 Bxb2 17. Nxb2 e5 18. Qc3 Qc7 19. f3 Nh6 20. f4 f6 21. Nd3 Nf7 22. Rxb8 Rxb8 23. fxe5 fxe5 24. Nf2 Nb7 25. Bh3 Bxh3 26. Nxh3 Qd7 27. Qf3 Nbd8 28. Ng5 Rb2 29. Qf6 Qe8 30. Ne6 Nxe6 31. Qxe6 Rb8 32. Nf3 Kg7 33. Qxe8 Rxe8 34. Rb1 Re7 35. Rb6 Ra7 36. h4 h6 37. g4 Kf6 38. Kg2 Ke7 39. Nd2 Kd7 40. Nb3 Nd8 41. Nxc5+ dxc5 42. Rxg6 Nf7 43. a4 Rb7 44. Rxa6 Nd6 45. h5 Rb2+ 46. Kh3 Rb3+ 47. Kh4 Re3 48. Rc6 Rxe4 49. Rxc5 Nxc4 50. Rc6 Nd6 51. Ra6 Rd4 52. Ra7+ Ke8 53. Ra8+ Ke7 54. a5 Rxd5 55. a6 Ra5 56. g5 Ra4+ 57. Kh3 hxg5 58. h6 Rh4+ 59. Kg2 Nb5 60. Rb8 Rxh6 61. Rxb5 Rxa6 62. Rxe5+ Kf6 63. Re2 Kf5 64. Rb2 Ra4 65. Rb5+ Kg4 66. Rb2 Re4 67. Ra2 Kf4 68. Rf2+ Ke3 69. Rf3+ Kd4 1/2-1/2

[Event "Reykjavik op"]
[Site "Reykjavik"]
[Date "2019.04.11"]
[Round "5"]
[White "Saduakassova, Dinara"]
[Black "Laustsen, Lars"]
[Result "1/2-1/2"]
[WhiteElo "2461"]
[BlackElo "2155"]
[PlyCount "85"]
[EventDate "2019.04.08"]
[EventType "swiss"]
[EventRounds "9"]
[EventCountry "ISL"]
[SourceTitle "CBM 189 Extra"]
[Source "ChessBase"]
[SourceDate "2019.06.03"]
[SourceVersion "1"]
[SourceVersionDate "2019.06.03"]
[SourceQuality "1"]

1. Nf3 c5 2. c4 Nc6 3. Nc3 Nd4 4. e3 Nxf3+ 5. Qxf3 g6 6. g3 d6 7. Bg2 Bg7 8. 0-0 Nh6 9. Qd1 0-0 10. Rb1 Rb8 11. h3 Be6 12. d3 a6 13. e4 b5 14. Be3 Kh8 15. Qd2 Ng8 16. cxb5 axb5 17. d4 Bc4 18. Rfc1 b4 19. Nd5 Bxa2 20. Ra1 Bxd5 21. exd5 cxd4 22. Bxd4 Bxd4 23. Qxd4+ Nf6 24. Ra7 Ra8 25. Rb7 Rb8 26. Qxb4 Re8 27. Rxb8 Qxb8 28. Qd4 Kg8 29. Rc6 Nd7 30. Qc3 Ne5 31. Rc7 Qb6 32. Rc8 Rxc8 33. Qxc8+ Kg7 34. Qc3 Qc5 35. Qd2 Nc4 36. Qe2 Kf8 37. b3 Ne5 38. Qb2 f6 39. b4 Qb5 40. Qc3 Qe2 41. Qd4 Ke8 42. Qe4 Qd1+ 43. Kh2 1/2-1/2

[Event "Reykjavik op"]
[Site "Reykjavik"]
[Date "2019.04.08"]
[Round "1"]
[White "Hjartarson, Johann"]
[Black "Laustsen, Lars"]
[Result "1-0"]
[WhiteElo "2520"]
[BlackElo "2155"]
[PlyCount "73"]
[EventDate "2019.04.08"]
[EventType "swiss"]
[EventRounds "9"]
[EventCountry "ISL"]
[SourceTitle "CBM 189 Extra"]
[Source "ChessBase"]
[SourceDate "2019.06.03"]
[SourceVersion "1"]
[SourceVersionDate "2019.06.03"]
[SourceQuality "1"]

1. e4 c5 2. Ne2 d6 3. g3 g6 4. Bg2 Bg7 5. 0-0 Nc6 6. c3 e5 7. d3 Nge7 8. a3 0-0 9. b4 cxb4 10. axb4 b5 11. Na3 Rb8 12. Bg5 Bg4 13. Nc2 Qc7 14. h3 Be6 15. Ra3 h6 16. Bxe7 Nxe7 17. Qa1 Ra8 18. Ne3 Qd7 19. h4 h5 20. f4 Bh6 21. d4 Rfc8 22. Kh2 Rc7 23. Qe1 Rf8 24. Qf2 exf4 25. Nxf4 Bc4 26. Rfa1 Bxf4 27. Qxf4 Nc8 28. g4 Qe7 29. gxh5 Kg7 30. Bf3 Nb6 31. Rg1 Kh7 32. Rg5 Rg8 33. Ng4 f5 34. hxg6+ Rxg6 35. Rxg6 Qxh4+ 36. Kg2 fxg4 37. Rxg4 1-0

[Event "London Classic op 10th"]
[Site "London"]
[Date "2018.12.15"]
[Round "8"]
[White "Laustsen, Lars"]
[Black "Rushbrooke, Remy"]
[Result "1-0"]
[WhiteElo "2186"]
[BlackElo "1909"]
[PlyCount "31"]
[EventDate "2018.12.09"]
[EventType "swiss"]
[EventRounds "9"]
[EventCountry "ENG"]
[SourceTitle "CBM 187 Extra"]
[Source "ChessBase"]
[SourceDate "2018.11.04"]
[SourceVersion "1"]
[SourceVersionDate "2018.11.04"]
[SourceQuality "1"]

1. d4 Nf6 2. c4 Nc6 3. Nf3 e6 4. g3 Bb4+ 5. Bd2 Qe7 6. Nc3 0-0 7. Bg2 Na5 8. b3 b6 9. Qc2 Bb7 10. 0-0 Rac8 11. a3 Bxa3 12. e4 e5 13. dxe5 Ne8 14. Nd5 Bxd5 15. exd5 Bb4 16. d6 1-0

[Event "Douglas IoM op"]
[Site "Douglas"]
[Date "2018.10.25"]
[Round "6"]
[White "Laustsen, Lars"]
[Black "Schroer, Marcel"]
[Result "1-0"]
[WhiteElo "2236"]
[BlackElo "2064"]
[PlyCount "101"]
[EventDate "2018.10.20"]
[EventType "swiss"]
[EventRounds "9"]
[EventCountry "ENG"]
[SourceTitle "CBM 187"]
[Source "ChessBase"]
[SourceDate "2018.12.11"]
[SourceVersion "1"]
[SourceVersionDate "2018.12.11"]
[SourceQuality "1"]

1. d4 Nf6 2. c4 g6 3. g3 Bg7 4. Bg2 0-0 5. Nc3 d6 6. Nf3 c6 7. 0-0 Qa5 8. e4 e5 9. Re1 Nbd7 10. h3 exd4 11. Nxd4 Re8 12. Be3 Ne5 13. Bf1 c5 14. Nb3 Qb4 15. a3 Qb6 16. Nd2 Qd8 17. Qc2 Nc6 18. Rad1 Qe7 19. Nb3 Ne5 20. Kg2 Qe6 21. Kh1 Nf3 22. Re2 Ng4 23. Bf4 Nge5 24. Nd5 g5 25. Bxe5 Bxe5 26. Rd3 Qh6 27. Rxf3 Bxh3 28. Bxh3 Qxh3+ 29. Kg1 Re6 30. Rf5 Rh6 31. Rxg5+ Kh8 32. f4 Qh1+ 33. Kf2 Rh2+ 34. Ke3 Bd4+ 35. Nxd4 Qg1+ 36. Kd2 Qxd4+ 37. Qd3 Qxb2+ 38. Ke3 Qc1+ 39. Qd2 Qxa3+ 40. Qc3+ Qxc3+ 41. Nxc3 Rh1 42. Nb5 Rd1 43. Rd2 Rxd2 44. Kxd2 h6 45. Rf5 Kg7 46. Nxd6 b6 47. Rxf7+ Kg6 48. e5 a5 49. e6 a4 50. e7 a3 51. Rf8 1-0

[Event "Barcelona Sants op 20th"]
[Site "Barcelona"]
[Date "2018.08.19"]
[Round "3"]
[White "Laustsen, Lars"]
[Black "Diaz Camallonga, Carles"]
[Result "1/2-1/2"]
[WhiteElo "2204"]
[BlackElo "2445"]
[PlyCount "88"]
[EventDate "2018.08.17"]
[EventType "swiss"]
[EventRounds "10"]
[EventCountry "ESP"]
[SourceTitle "CBM 186 Extra"]
[Source "ChessBase"]
[SourceDate "2018.08.24"]
[SourceVersion "1"]
[SourceVersionDate "2018.08.24"]
[SourceQuality "1"]

1. d4 e6 2. c4 Nf6 3. g3 Bb4+ 4. Bd2 c5 5. Bxb4 cxb4 6. Bg2 0-0 7. e3 d6 8. Ne2 a5 9. 0-0 e5 10. a3 Na6 11. axb4 axb4 12. Nd2 Qc7 13. Qb3 Bg4 14. Qd3 Rfe8 15. Nc1 Rad8 16. Ncb3 exd4 17. Qxd4 Nc5 18. f3 Be6 19. Rfc1 b6 20. e4 Nfd7 21. Qe3 f5 22. Nd4 fxe4 23. Nb5 Qb8 24. Nxe4 Nxe4 25. fxe4 Ne5 26. b3 Bc8 27. Qd2 Bb7 28. Rd1 Nf7 29. Qxb4 Bxe4 30. Bxe4 Rxe4 31. Re1 Rxe1+ 32. Rxe1 Ne5 33. Nd4 Qb7 34. Qc3 Rf8 35. Qe3 Qa8 36. Qe4 Qa2 37. Rf1 Rxf1+ 38. Kxf1 h6 39. Qd5+ Kh8 40. Qxd6 Qb1+ 41. Kg2 Qe4+ 42. Kh3 Qg4+ 43. Kg2 Qe4+ 44. Kh3 Qg4+ 1/2-1/2

[Event "Riga Tech op 8th"]
[Site "Riga"]
[Date "2018.08.06"]
[Round "1"]
[White "Laustsen, Lars"]
[Black "Hovhannisyan, Robert"]
[Result "0-1"]
[WhiteElo "2204"]
[BlackElo "2608"]
[PlyCount "66"]
[EventDate "2018.08.06"]
[EventType "swiss"]
[EventRounds "9"]
[EventCountry "LAT"]
[SourceTitle "CBM 185 Extra"]
[Source "ChessBase"]
[SourceDate "2018.07.29"]
[SourceVersion "1"]
[SourceVersionDate "2018.07.29"]
[SourceQuality "1"]

1. d4 Nf6 2. c4 e6 3. g3 Bb4+ 4. Bd2 Qe7 5. Nf3 Bxd2+ 6. Qxd2 Nc6 7. Nc3 d5 8. cxd5 exd5 9. Bg2 0-0 10. 0-0 Bf5 11. Rac1 Rad8 12. Rfd1 Rfe8 13. e3 Ne4 14. Qe2 Bg4 15. h3 Bh5 16. Re1 a6 17. g4 Bg6 18. Nd2 Nb4 19. a3 Nxc3 20. Rxc3 Nc2 21. Rc1 Nxd4 22. Qf1 Nb5 23. Rc5 c6 24. a4 Nd6 25. b4 h5 26. R5c3 hxg4 27. hxg4 Qg5 28. Qd1 Nc4 29. Nf1 Qh4 30. Qd4 Be4 31. f3 Bh7 32. b5 axb5 33. axb5 Nd6 0-1

[Event "Helsingor Xtracon op"]
[Site "Helsingor"]
[Date "2018.07.23"]
[Round "4"]
[White "Jensen, Morten Frank"]
[Black "Laustsen, Lars"]
[Result "1/2-1/2"]
[WhiteElo "2007"]
[BlackElo "2219"]
[PlyCount "75"]
[EventDate "2018.07.21"]
[EventType "swiss"]
[EventRounds "10"]
[EventCountry "DEN"]
[SourceTitle "CBM 185 Extra"]
[Source "ChessBase"]
[SourceDate "2018.07.29"]
[SourceVersion "1"]
[SourceVersionDate "2018.07.29"]
[SourceQuality "1"]

1. g3 c5 2. Bg2 Nc6 3. c4 g6 4. Nc3 Bg7 5. d3 e6 6. Rb1 Nge7 7. Bg5 h6 8. Bf4 d6 9. Nf3 0-0 10. 0-0 b6 11. Nb5 e5 12. Bd2 d5 13. cxd5 Nxd5 14. Nc3 Be6 15. a3 Rc8 16. Ne1 Kh7 17. Nc2 Qd7 18. Re1 Nde7 19. Ne3 Nd4 20. b4 cxb4 21. axb4 Nb5 22. Nxb5 Qxb5 23. Ra1 Rc7 24. Qa4 Qxa4 25. Rxa4 Rd8 26. b5 Bd7 27. Rb1 a5 28. Nc4 Rb8 29. Be3 Nc8 30. f4 Bg4 31. Kf2 f6 32. fxe5 fxe5 33. Nxe5 Bxe2 34. Kxe2 Bxe5 35. Rc1 Rxc1 36. Bxc1 Nd6 37. Bc6 Nf5 38. Be3 1/2-1/2

[Event "Copenhagen Challenge"]
[Site "Ballerup"]
[Date "2018.04.27"]
[Round "5"]
[White "Laustsen, Lars"]
[Black "Danielsen, Henrik"]
[Result "0-1"]
[WhiteElo "2205"]
[BlackElo "2500"]
[PlyCount "54"]
[EventDate "2018.04.25"]
[EventType "swiss"]
[EventRounds "9"]
[EventCountry "DEN"]
[SourceTitle "CBM 184 Extra"]
[Source "ChessBase"]
[SourceDate "2018.06.28"]
[SourceVersion "1"]
[SourceVersionDate "2018.06.28"]
[SourceQuality "1"]

1. d4 g6 2. c4 Bg7 3. g3 Nf6 4. Bg2 0-0 5. Nc3 d6 6. Nf3 Nc6 7. 0-0 Bf5 8. d5 Na5 9. b3 c5 10. Bb2 a6 11. Nd2 Rb8 12. e4 Bd7 13. h3 b5 14. Qc2 e5 15. Rfe1 Bh6 16. Bf1 Nh5 17. Qd1 bxc4 18. Nxc4 Nxc4 19. Bxc4 Bxh3 20. Bxa6 f5 21. exf5 Bxf5 22. Ne4 Qd7 23. Bd3 c4 24. Bxc4 Bxe4 25. Rxe4 Qa7 26. Qc2 Nxg3 27. Rg4 Rxf2 0-1

[Event "Copenhagen Challenge"]
[Site "Ballerup"]
[Date "2018.04.25"]
[Round "1"]
[White "Laustsen, Lars"]
[Black "Tenold, Andreas"]
[Result "1-0"]
[WhiteElo "2205"]
[BlackElo "1755"]
[PlyCount "119"]
[EventDate "2018.04.25"]
[EventType "swiss"]
[EventRounds "9"]
[EventCountry "DEN"]
[SourceTitle "CBM 184 Extra"]
[Source "ChessBase"]
[SourceDate "2018.06.28"]
[SourceVersion "1"]
[SourceVersionDate "2018.06.28"]
[SourceQuality "1"]

1. d4 d5 2. c4 e6 3. Nf3 Nf6 4. g3 Bb4+ 5. Bd2 Be7 6. Bg2 c6 7. Qc2 0-0 8. 0-0 Ne4 9. Bc1 Nd7 10. Nbd2 f5 11. Ne5 Ndf6 12. Ndf3 Bd6 13. Nd3 Qe7 14. Bf4 Bxf4 15. Nxf4 Nd6 16. Ne5 Nf7 17. Nfd3 Nd7 18. b4 Nfxe5 19. dxe5 a5 20. a3 b6 21. cxd5 cxd5 22. Qc6 Ba6 23. Nf4 Nxe5 24. Qxe6+ Qxe6 25. Nxe6 Rf6 26. Nc7 Ra7 27. Nxd5 Rd6 28. Rfd1 Kf7 29. Nc3 Rxd1+ 30. Rxd1 Rc7 31. b5 Bb7 32. Bxb7 Rxb7 33. Rd5 Ke6 34. Rd8 Rd7 35. Re8+ Kd6 36. Na4 Rb7 37. Rc8 Kd7 38. Rg8 Kd6 39. Rc8 Kd7 40. Rc3 Kd6 41. f4 Nd7 42. Rc6+ Ke7 43. Kf2 g6 44. Kf3 Rb8 45. h3 Rb7 46. g4 fxg4+ 47. hxg4 Rb8 48. g5 Rf8 49. Kg3 Rf5 50. Nc3 Rc5 51. Rxc5 Nxc5 52. Nd5+ Kd6 53. Nxb6 Ne4+ 54. Kf3 Nc3 55. Nc4+ Kc5 56. b6 Kc6 57. e4 a4 58. Ke3 Nb5 59. f5 gxf5 60. exf5 1-0

[Event "Reykjavik op"]
[Site "Reykjavik"]
[Date "2018.03.12"]
[Round "7"]
[White "Laustsen, Lars"]
[Black "Marshall, Michael"]
[Result "1-0"]
[WhiteElo "2201"]
[BlackElo "1890"]
[PlyCount "113"]
[EventDate "2018.03.06"]
[EventType "swiss"]
[EventRounds "9"]
[EventCountry "ISL"]
[SourceTitle "CBM 183 Extra"]
[Source "ChessBase"]
[SourceDate "2018.04.19"]
[SourceVersion "1"]
[SourceVersionDate "2018.04.19"]
[SourceQuality "1"]

1. d4 d6 2. Nf3 Bg4 3. c4 Nd7 4. Nc3 e5 5. d5 Ngf6 6. Nd2 Be7 7. f3 Bh5 8. e4 0-0 9. Be2 a5 10. Nf1 Bg6 11. Be3 Ne8 12. Qd2 h6 13. g3 Nc5 14. 0-0-0 a4 15. g4 Bg5 16. Bxg5 Qxg5 17. Qxg5 hxg5 18. Ne3 f6 19. h4 gxh4 20. Rxh4 Kf7 21. Rg1 Rg8 22. Rgh1 c6 23. Kd2 Nc7 24. Bd1 Ne8 25. Bc2 Nc7 26. R4h2 Ne8 27. Kc1 Nc7 28. Rd1 Rgd8 29. Rg2 Bh7 30. Rh2 Bg6 31. Rhd2 Ne8 32. Kb1 Ke7 33. Ne2 Nc7 34. Ng3 cxd5 35. exd5 Bxc2+ 36. Kxc2 g6 37. Rh1 Rh8 38. Rdh2 Rxh2+ 39. Rxh2 Rg8 40. Rh7+ Kd8 41. Rf7 Nd7 42. Ne4 Ne8 43. Rh7 Rf8 44. Kc3 f5 45. Ng5 Nc5 46. Ne6+ Nxe6 47. dxe6 Rf6 48. Rd7+ Kc8 49. Re7 Nc7 50. Rxc7+ Kxc7 51. Nd5+ Kd8 52. Nxf6 Ke7 53. Nd5+ Kxe6 54. gxf5+ gxf5 55. a3 f4 56. Kd3 Kf5 57. Nc3 1-0

[Event "Barcelona Sants op 19th"]
[Site "Barcelona"]
[Date "2017.08.21"]
[Round "4"]
[White "Laustsen, Lars"]
[Black "Gual Pascual, Antonio"]
[Result "1-0"]
[WhiteElo "2204"]
[BlackElo "2404"]
[PlyCount "49"]
[EventDate "2017.08.18"]
[EventType "swiss"]
[EventRounds "10"]
[EventCountry "ESP"]
[SourceTitle "CBM 180 Extra"]
[Source "ChessBase"]
[SourceDate "2017.10.06"]
[SourceVersion "1"]
[SourceVersionDate "2017.10.06"]
[SourceQuality "1"]

1. d4 g6 2. c4 Bg7 3. Nf3 d6 4. Nc3 Bg4 5. g3 Bxf3 6. exf3 e6 7. d5 exd5 8. cxd5 Ne7 9. Bh3 0-0 10. 0-0 Nd7 11. Re1 Nf6 12. Qb3 Re8 13. Bf4 a5 14. a4 Ra6 15. Rad1 Rb6 16. Nb5 Nexd5 17. Rxe8+ Nxe8 18. Rxd5 c6 19. Rd1 cxb5 20. axb5 Nc7 21. Bf1 d5 22. Bc4 Ne6 23. Rxd5 Qf6 24. Be3 a4 25. Qxa4 1-0

[Event "Helsingor Xtracon op"]
[Site "Helsingor"]
[Date "2017.07.27"]
[Round "7"]
[White "Laustsen, Lars"]
[Black "Brondum, Eric"]
[Result "1-0"]
[WhiteElo "2204"]
[BlackElo "2040"]
[PlyCount "47"]
[EventDate "2017.07.22"]
[EventType "swiss"]
[EventRounds "10"]
[EventCountry "DEN"]
[SourceTitle "CBM 179 Extra"]
[Source "ChessBase"]
[SourceDate "2017.08.23"]
[SourceVersion "1"]
[SourceVersionDate "2017.08.23"]
[SourceQuality "1"]

1. d4 Nf6 2. c4 e5 3. dxe5 Ng4 4. Nf3 Bc5 5. e3 Nc6 6. Be2 0-0 7. 0-0 Re8 8. Nc3 Ngxe5 9. Nxe5 Nxe5 10. b3 a5 11. Na4 Bf8 12. f4 Ng6 13. Qd3 d6 14. Nc3 Bd7 15. Bf3 Rb8 16. Bb2 Ne7 17. Rad1 Nf5 18. Be4 g6 19. g4 Nh4 20. Nd5 Bg7 21. Bxg7 Kxg7 22. g5 Re6 23. Qc3+ f6 24. Nxf6 1-0

[Event "Helsingor Xtracon op"]
[Site "Helsingor"]
[Date "2017.07.22"]
[Round "1"]
[White "Laustsen, Lars"]
[Black "Afsari Rad, Aidin"]
[Result "1-0"]
[WhiteElo "2204"]
[BlackElo "1733"]
[PlyCount "60"]
[EventDate "2017.07.22"]
[EventType "swiss"]
[EventRounds "10"]
[EventCountry "DEN"]
[SourceTitle "CBM 179 Extra"]
[Source "ChessBase"]
[SourceDate "2017.08.23"]
[SourceVersion "1"]
[SourceVersionDate "2017.08.23"]
[SourceQuality "1"]

1. d4 Nf6 2. c4 g6 3. g3 c6 4. Bg2 d5 5. Nf3 Bg7 6. 0-0 0-0 7. Nc3 dxc4 8. Ne5 Ng4 9. Nxc4 Qxd4 10. Qb3 Na6 11. Na5 e5 12. h3 Nf6 13. Be3 Qd7 14. Rfd1 Qc7 15. Qa3 Re8 16. Rac1 Bf8 17. Qa4 b5 18. Nxb5 cxb5 19. Qh4 Qxa5 20. Bxa8 Bg7 21. Bc6 Rf8 22. Bg5 Nb4 23. Bd2 Nxc6 24. Bxa5 Nxa5 25. Qb4 Nc4 26. Qxb5 Nb6 27. Qa5 Bxh3 28. Qxa7 Nc8 29. Qa8 Nh5 30. Rd8 Ne7 1-0

[Event "Reykjavik op"]
[Site "Reykjavik"]
[Date "2017.04.25"]
[Round "8"]
[White "Laustsen, Lars"]
[Black "Baldvinsson, Loftur"]
[Result "1-0"]
[WhiteElo "2169"]
[BlackElo "1971"]
[PlyCount "55"]
[EventDate "2017.04.19"]
[EventType "swiss"]
[EventRounds "10"]
[EventCountry "ISL"]
[SourceTitle "CBM 178 Extra"]
[Source "ChessBase"]
[SourceDate "2017.06.22"]
[SourceVersion "1"]
[SourceVersionDate "2017.06.22"]
[SourceQuality "1"]

1. d4 Nf6 2. c4 g6 3. g3 Bg7 4. Bg2 d6 5. Nf3 0-0 6. 0-0 Nbd7 7. Nc3 e5 8. e4 Re8 9. d5 Nc5 10. Ne1 a5 11. Nd3 Nfd7 12. Rb1 Nxd3 13. Qxd3 Nc5 14. Qe2 f5 15. Be3 b6 16. f3 g5 17. Bxc5 bxc5 18. Bh3 fxe4 19. Bxc8 exf3 20. Qxf3 Rxc8 21. Qf7+ Kh8 22. Ne4 Rf8 23. Qh5 h6 24. Rxf8+ Bxf8 25. Rf1 Qe8 26. Rf7 Bg7 27. Qg6 Qg8 28. Nf6 1-0